000 01065cam a22002893i 4500
001 13749615
003 ARRUPE
005 20220519112558.0
008 041013s1963 nyuab 000 0 eng
010 _a 63020154
040 _aDLC
_cDLC
_dDLC
043 _an-us---
_af------
050 0 0 _aDT38
_b.A65 1963
110 2 _aAmerican Assembly.
_951665
245 1 4 _aThe United States and Africa /
_cedited by Walter Goldschmidt.
250 _aRev. ed.
260 _aNew York :
_bPublished for the American Assembly, Columbia University by F.A. Praeger,
_c1963.
300 _axvi, 298 p. :
_bill., maps (1 folded) ;
_c22 cm.
500 _aOriginally prepared as background reading for participants in the American Assembly, 1958.
651 0 _aUnited States
_xRelations
_zAfrica.
_951666
651 0 _aAfrica
_xRelations
_zUnited States.
_951667
700 1 _aGoldschmidt, Walter,
_d1913-2010.
_951668
710 2 _aAmerican Assembly.
_951665
906 _a0
_bcbc
_cpremver
_du
_encip
_f19
_gy-gencatlg
942 _2lcc
_cMONOGRAPH
999 _c131458
_d131458